| 000 | 00000nam 22000008a 4500 |
| 001 | 9.837689 |
| 003 | CaOODSP |
| 005 | 20221107151211 |
| 007 | cr ||||||||||| |
| 008 | 170605s1991 oncaod|#o f000 0 fre d |
| 040 | |aCaOODSP|bfre |
| 043 | |an-cn--- |
| 086 | 1 |aNH15-602/1991F-PDF |
| 110 | 2 |aSociété canadienne d'hypothèques et de logement. |
| 245 | 10|aConcours SCHL de modèles de maisons saines, guide et exigences techniques |h[ressource électronique]. |
| 246 | 30|aGuide et exigences techniques |
| 260 | |aOttawa : |bSociété canadienne d'hypothèques et de logement, |cc1991. |
| 300 | |a40 p. : |bill. |
| 500 | |aTitre de la couv. |
| 500 | |aPublié aussi en anglais sous le titre : CMHC's healthy housing design competition, guide and technical requirements. |
| 500 | |aÉdition numérisée de l’imprimé 2015 [par Société canadienne d'hypothèques et de logement]. |
| 520 | |a« Ce document a été conçu pour être utilisé dans le Concours de modèles de maisons saines de la SCHL. La section I est une introduction à la compétition et décrit la perspective de la SCHL sur le développement durable. La section II de ce Guide donne des informations de base concemant un grand nombre d’aspects relatifs à I’habitation viable. Les diverses rubriques sont basées sur les éléments qu’il faut étudier et analyser lors de l’élaboration des modèles de maisons saines, notamment : la santé des occupants; l’efficacité énergétique; l’utilisation efficace des ressources; la responsabilité environnementale; et l’abordabilité et la viabilité economique. La section intitulée « Exigences techniques », est réservée aux participants. On y définit les éléments queles équipes de conception doivent analyser dans leur présentation »--Fourni par l’ éditeur. |
| 692 | 07|2gccst|aArchitecture domestique |
| 692 | 07|2gccst|aConcurrence |
| 775 | 08|tCMHC's healthy housing design competition, guide and technical requirements |w(CaOODSP)9.837683 |
| 856 | 40|qPDF|s1.87 Mo|uhttps://publications.gc.ca/collections/collection_2017/schl-cmhc/NH15-602-1991-fra.pdf |